| 000 | 01337nam a2200349 a 4500 | ||
|---|---|---|---|
| 001 | 000108976 | ||
| 003 | CHAP | ||
| 005 | 20220329144032.0 | ||
| 008 | 140326s2013 mx sm |||||||spa d | ||
| 010 | _a105438 | ||
| 011 | _a106410 | ||
| 040 | _cCHAP | ||
| 090 | _aTesis | ||
| 100 | 1 |
_aChi Chan, María Teresita de Jesús _922210 |
|
| 245 | 1 | 0 |
_aTransferencia de tecnología de la producción de jitomate en condiciones de invernadero en México _h[En línea] _bredes sociales / _cpor María Teresita de Jesús Chi Cha. |
| 260 |
_aChapingo, Méx. : _bEl autor, _c2013. |
||
| 500 | _aPara ver el contenido del material haga clic en la liga | ||
| 502 | _aTesis (Ph. D. en Ciencias en Economía Agrícola) -- UACH. División de Ciencias Económico Administrativas | ||
| 590 |
_aBATCH-UPD _b05 _c20141002 _lUCH01 _h0858 |
||
| 590 |
_aBATCH _b00 _c20181121 _lUCH01 _h0759 |
||
| 590 |
_aE5765TAJ _b05 _c20140326 _lUCH01 _h0956 |
||
| 590 |
_aE5765TAJ _b05 _c20140326 _lUCH01 _h0957 |
||
| 650 | 1 | 4 |
_aTomate _xCultivos en invernadero. _9113704 |
| 650 | 1 | 4 |
_aTomate _xMejoramiento. _9113737 |
| 650 | 1 | 4 |
_aTomate _xProducción. _9125346 |
| 650 | 1 | 4 |
_aTransferencia de tecnología. _9114619 |
| 856 |
_a1 _n0001599 |
||
| 856 |
_aFinding aid _uhttp://10.13.5.2/tesis/sist108976.pdf _zTeclea aquí |
||
| 901 | _aBK | ||
| 942 | _cTESIS | ||
| 942 | _n0 | ||
| 999 |
_c105438 _d105438 |
||